ARRUPE JESUIT UNIVERSITY

CORONAVIRUS -STOP THE SPREAD - CLEAN,DISINFECT,COVER

Echoes of hope (Record no. 124214)

MARC details
000 -LEADER
fixed length control field 00915cjm a22002653a 4500
001 - CONTROL NUMBER
control field 13195003
003 - CONTROL NUMBER IDENTIFIER
control field ARRUPE
005 - DATE AND TIME OF LATEST TRANSACTION
control field 20160225091911.0
007 - PHYSICAL DESCRIPTION FIXED FIELD--GENERAL INFORMATION
fixed length control field sd fsngnnmmned
008 - FIXED-LENGTH DATA ELEMENTS--GENERAL INFORMATION
fixed length control field 030512s2002 xxuuun eng
010 ## - LIBRARY OF CONGRESS CONTROL NUMBER
LC control number 2003573963
017 ## - COPYRIGHT OR LEGAL DEPOSIT NUMBER
Copyright or legal deposit number PA 1-100-583
Assigning agency U.S. Copyright Office
020 ## - INTERNATIONAL STANDARD BOOK NUMBER
International Standard Book Number 9789788458173
040 ## - CATALOGING SOURCE
Original cataloging agency DLC
Transcribing agency DLC
050 00 - LIBRARY OF CONGRESS CALL NUMBER
Classification number BX2435.E18
300 ## - PHYSICAL DESCRIPTION
Dimensions 21cm.
100 ## - MAIN ENTRY--PERSONAL NAME
Personal name Kanu, Ikechukwu Antony
9 (RLIN) 22446
245 00 - TITLE STATEMENT
Title Echoes of hope
Medium the stand of the conference of majore superiors of Nigeria on issues of faith and life
Statement of responsibility, etc edited by Kanu, Ikechukwu Antony
260 ## - PUBLICATION, DISTRIBUTION, ETC. (IMPRINT)
Date of publication, distribution, etc 2013
Place of publication, distribution, etc Jos
Name of publisher, distributor, etc Conference of Major Superiors of Nigeria
300 ## - PHYSICAL DESCRIPTION
Extent vii, 71p.;
650 ## - SUBJECT ADDED ENTRY--TOPICAL TERM
Topical term or geographic name as entry element Religious life
Geographic subdivision Nigeria
9 (RLIN) 22447
700 ## - ADDED ENTRY--PERSONAL NAME
Personal name Kanu, Ikechukwu Antony
Relator term ed.
9 (RLIN) 22446
906 ## - LOCAL DATA ELEMENT F, LDF (RLIN)
a 7
b cbc
c orignew
d 3
e ncip
f 20
g y-genmusic
942 ## - ADDED ENTRY ELEMENTS (KOHA)
Source of classification or shelving scheme Library of Congress Classification
Koha item type Monograph ( Printed materials)
Holdings
Withdrawn status Lost status Source of classification or shelving scheme Damaged status Not for loan Collection code Home library Current library Shelving location Date acquired Total Checkouts Full call number Barcode Date last seen Price effective from Koha item type
    Library of Congress Classification     Main Collection ARRUPE LIBRARY ARRUPE LIBRARY Main Collection 25/02/2016   BX2435.E18 46500006754 22/11/2017 25/02/2016 Monograph ( Printed materials)

 

Arrupe Library. PO Box MP320 Mt Pleasant, Harare, Zimbabwe
263 242 745411|librarian@aju.ac.zw